000 00436nam a2200145Ia 4500
008 231129s1985||||xx |||||||||||||| ||spa||
020 _a84-254-0655-2
040 _bspa
082 _a157.6 รณ93p
100 _aOughourlain Jean-Michel
245 0 _aLa persona de toxicomano : Psicosociologia de las toxicomanias actuales en la juventud
260 _c1985
264 _aHerder
942 _2ddc
_cBKS
999 _c17905
_d17905